MLB Year in Review 2003 - Statistics

General Stats
  • This quiz has been taken 4 times
  • The average score is 15 of 25
Answer Stats
Answer % Correct
Best Record (101-61) Atlanta Braves | New York Yankees
100%
NL MVP (SFG) Barry Bonds
100%
WAR Leader (9.2 SFG) Barry Bonds
100%
ALCS Loser Boston Red Sox
100%
World Series Loser New York Yankees
100%
Doubles Leader (51 STL) Albert Pujols
75%
Batting Champion (.359 STL) Albert Pujols
75%
AL MVP (TEX) Alex Rodriguez
75%
Home Run Leader (47 TEX, PHI) Alex Rodriguez | Jim Thome
75%
NLCS Loser Chicago Cubs
75%
World Series Winner Florida Marlins
75%
Stolen Base Leader (65 FLA) Juan Pierre
75%
ERA Leader (2.22 BOS) Pedro Martinez
75%
AL Cy Young (TOR) Roy Halladay
75%
Wins Leader (22 TOR) Roy Halladay
75%
Worst Record (43 - 119) Detroit Tigers
50%
NL Cy Young (LAD) Eric Gagné
50%
Saves Leader (55 LAD) Eric Gagné
50%
RBI Leader (145 TOR) Carlos Delgado
25%
NL Rookie of the Year (FLA) Dontrelle Willis
25%
Name 1 HOF Inductee (EM, GC) Eddie Murray | Gary Carter
25%
Strike Outs Leader (266 CHC) Kerry Wood
25%
AL Rookie of the Year (KCR) Angel Berroa
0%
Triples Leader (14 MIN) Cristian Guzmán
0%
Hits Leader (215 TOR) Vernon Wells
0%
No matching quizzes found
Score Distribution
Percent of People with Each Score
Percentile by Number Answered
Your Score History
You have not taken this quiz